Приемные детекторные радиоустановки. Письмо 2 (Запись № 13571339)

Подробности
000 -МАРКЕР
контрольное поле 01349nam2a2200241 4500
001 - ИДЕНТИФИКАТОР ЗАПИСИ
контрольное поле rc\2829291
005 - ИДЕНТИФИКАТОР ВЕРСИИ
контрольное поле 20260315045019.0
035 ## - ДРУГИЕ СИСТЕМНЫЕ НОМЕРА
Идентификатор записи (NLR Aleph) 006987302
100 ## - ДАННЫЕ ОБЩЕЙ ОБРАБОТКИ
Данные общей обработки 20110625d1930 u y0rusy50 ca
101 0# - ЯЗЫК РЕСУРСА
Язык текста, звукозаписи и т.д. русский
102 ## - СТРАНА ПУБЛИКАЦИИ ИЛИ ПРОИЗВОДСТВА
Страна публикации Российская Федерация
105 ## - ПОЛЕ КОДИРОВАННЫХ ДАННЫХ: ТЕКСТОВЫЕ МАТЕРИАЛЫ, МОНОГРАФИЧЕСКИЕ
Кодированные данные о монографическом текстовом документе a z |||||
200 0# - ЗАГЛАВИЕ И СВЕДЕНИЯ ОБ ОТВЕТСТВЕННОСТИ
Основное заглавие Письмо 2
210 ## - ПУБЛИКАЦИЯ, РАСПРОСТРАНЕНИЕ И ДР.
Дата издания, распространения и т.д. 1930
215 ## - ФИЗИЧЕСКАЯ ХАРАКТЕРИСТИКА
Специфическое обозначение материала и объем 21 с.
Другие сведения о физической характеристике ил., черт.
461 #0 - УРОВЕНЬ НАБОРА
Встроенное поле 001rc\2829289
-- 2000#$aПриемные детекторные радиоустановки$eПисьмо 1-$fИнж. И. Невяжский$gН.К.П.Т.-Р.П.Ф. Курсы заоч. обуч. при Политехникуме связи им. В.Н. Подбельского. Радиотд-ние, организационное и действующее при непосредственном участии Центр. бюро Инж.-техн. секции Союза связи и О-ва друзей радио СССР ...$vПисьмо 2
Системный номер (АБИС) связанной записи 5591609
Автор Заочный институт связи (Москва)
Место публикации [Москва]
Дата публикации [1930]
Первые сведения об ответственности Инж. И. Невяжский
Имя издателя, распространителя и т.д. Б. и.
Сведения, относящиеся к заглавию Письмо 1-
Заглавие Приемные детекторные радиоустановки
Номер тома Письмо 2
700 #1 - ИМЯ ЛИЦА - ПЕРВИЧНАЯ ОТВЕТСТВЕННОСТЬ
Начальный элемент ввода Невяжский
Часть имени, кроме начального элемента ввода И.
801 #0 - ИСТОЧНИК ЗАПИСИ
Страна Российская Федерация
Организация NLR
Правила каталогизации psbo
801 #1 - ИСТОЧНИК ЗАПИСИ
Страна Российская Федерация
Организация ELAR
Источник данных rusmarc
852 ## - МЕСТОНАХОЖДЕНИЕ И ШИФР ХРАНЕНИЯ
Идентификатор организации NLR
Шифр хранения (Call Number) 30.19/89
942 ## - ДОПОЛНИТЕЛЬНЫЕ ЭЛЕМЕНТЫ ЗАПИСИ (АБИС)
Тип экземпляра АБИС Неопределено
980 ## - КОЛЛЕКЦИЯ
Название коллекции Национальная библиография

Нет доступных экземпляров.